Famous Rivalries - Statistics

General Stats
  • This quiz has been taken 44 times
  • The average score is 7 of 20
Answer Stats
Hint Rival % Correct
Cristiano Ronaldo Lionel Messi
98%
Kendrick Lamar Drake
67%
The Notorious B.I.G. Tupac Shakur
65%
John Lennon Paul McCartney
60%
Steve Jobs Bill Gates
56%
Roger Federer Rafael Nadal
56%
Michael Jackson Prince
51%
Alain Prost Ayrton Senna
37%
Arnold Schwarzenegger Sylvester Stallone
37%
Björn Borg John McEnroe
33%
Wolfgang Amadeus Mozart Antonio Salieri
30%
Muhammad Ali Joe Frazier
30%
Arnold Palmer Jack Nicklaus
23%
Bette Davis Joan Crawford
23%
David Gilmour Roger Waters
23%
Garry Kasparov Anatoly Karpov
21%
Mike Tyson Evander Holyfield
19%
Jay-Z Nas
12%
Alexei Yagudin Evgeni Plushenko
2%
Louis Pasteur Robert Koch
2%
No matching quizzes found
Score Distribution
Percent of People with Each Score
Percentile by Number Answered
Your Score History
You have not taken this quiz